Reflexiones sobre la relación entre identidad e historia
Gespeichert in:
| 1. Verfasser: | |
|---|---|
| Format: | Text |
| Veröffentlicht: |
San José:
s.e.
|
| Tags: |
Tag hinzufügen
Keine Tags, Fügen Sie den ersten Tag hinzu!
|
MARC
| LEADER | 00000 a a2200000 04500 | ||
|---|---|---|---|
| 001 | 22737 | ||
| 003 | |||
| 040 | |||
| 090 | |a 156200 | ||
| 100 | |a Cuevas Molina, Rafael | ||
| 245 | |a Reflexiones sobre la relación entre identidad e historia | ||
| 260 | |a San José: |b s.e. | ||
| 300 | |a 21 p | ||
| 999 | |c 11476 |d 11476 | ||
